| 000 | 00398nam a2200157Ia 4500 | ||
|---|---|---|---|
| 008 | 210716s2003 xx 000 0 und d | ||
| 020 | _a8121910625 | ||
| 041 | _aeng | ||
| 082 | _a658.1511 PILR | ||
| 100 | _aPillai, R S N;Bagavathi. | ||
| 245 | _aManagement accounting. | ||
| 250 | _a1 | ||
| 260 |
_aNew Delhi _bS Chand and Company Ltd _c2003 |
||
| 300 | _avii,543 | ||
| 650 | _aCost Accounting | ||
| 999 |
_c197786 _d197786 |
||